Quick Math (Lost Track) - Statistics

General Stats
  • This quiz has been taken 56 times
  • The average score is 12 of 12
Answer Stats
Hint Answer % Correct
1 x 1 1
100%
30 X 3 90
100%
0 X 90 0
98%
88 X 2 176
98%
60 X 3 180
98%
14 X 2 28
98%
91 X 1 91
98%
80 X 2 160
95%
20 X 10 200
95%
90 X 8 720
95%
15 X 3 divided by 3 15
91%
55 X 11 605
86%
No matching quizzes found
Score Distribution
Percent of People with Each Score
Percentile by Number Answered
Your Score History
You have not taken this quiz